|
|
|
|
| LEADER |
01210cam a2200313 a 4500 |
| 001 |
c000276491 |
| 003 |
CARM |
| 005 |
20071116105741.0 |
| 008 |
750415s1949 paua b 000 0 eng |
| 010 |
|
|
|a 49001004
|
| 019 |
1 |
|
|a 24749667
|z 28233129
|5 LACONCORD2021
|
| 035 |
|
|
|a (OCoLC)1277722
|5 LACONCORD2021
|
| 040 |
|
|
|a DLC
|b eng
|c FM
|d OClW-H
|d OCoLC
|d DLC
|d VCAV
|
| 042 |
|
|
|a premarc
|
| 050 |
0 |
0 |
|a TP859
|b .B3
|
| 082 |
0 |
4 |
|a 666.1
|2 22
|
| 082 |
0 |
4 |
|a 666.1
|
| 100 |
1 |
|
|a Barr, W. E.
|
| 245 |
1 |
0 |
|a Scientific and industrial glass blowing and laboratory techniques /
|c by W.E. Barr and Victor J. Anhorn.
|
| 260 |
|
|
|a Pittsburgh :
|b Instrument Pub. Co.,
|c [1949].
|
| 300 |
|
|
|a viii, 388 p. (p. 381-388 advertisements) :
|b ill. ;
|c 21 cm.
|
| 500 |
|
|
|a On spine: Scientific glass blowing.
|
| 504 |
|
|
|a Includes "References."
|
| 650 |
|
0 |
|a Glass blowing and working.
|
| 650 |
|
0 |
|a Scientific apparatus and instruments.
|
| 700 |
1 |
|
|a Anhorn, Victor John,
|d 1910-
|e joint author.
|
| 852 |
8 |
|
|b CARM
|h A1:AM15C0
|i A04967
|p 0396474
|f BK
|
| 999 |
f |
f |
|i e1183d76-9615-5b78-84c4-007f34cd1e08
|s 27a231df-a0c8-5416-8014-e21cfc14ef52
|
| 952 |
f |
f |
|p Can circulate
|a CAVAL
|b CAVAL
|c CAVAL
|d CARM 1 Store
|e A04967
|f A1:AM15C0
|h Other scheme
|i book
|m 0396474
|